000 00372pab a2200157 454500
008 180718b1996 xxu||||| |||| 00| 0 eng d
100 _aBricknell, Graham
245 _aTotal quality revisited
260 _c1996
300 _ap.18-20
362 _aJan
650 _aManagement
650 _aTotal quality management
773 _aManagement Services
909 _a30158
999 _c30158
_d30158